UITU Library & LRC     

TextBook of Polymer Science (Record no. 8306)

MARC details
000 -LEADER
fixed length control field 00449nam a2200181Ia 4500
008 - FIXED-LENGTH DATA ELEMENTS--GENERAL INFORMATION
fixed length control field 240925s9999 xx 000 0 und d
020 ## - INTERNATIONAL STANDARD BOOK NUMBER
International Standard Book Number 471031968
082 ## - DEWEY DECIMAL CLASSIFICATION NUMBER
Classification number 668.9 BIL
100 ## - MAIN ENTRY--PERSONAL NAME
Personal name Billmeyer ,Fred W.
245 #0 - TITLE STATEMENT
Title TextBook of Polymer Science
250 ## - EDITION STATEMENT
Edition statement 3rd
260 ## - PUBLICATION, DISTRIBUTION, ETC.
Place of publication, distribution, etc. New York:
Name of publisher, distributor, etc. John Wiley & Sons
Date of publication, distribution, etc. ,1984.
300 ## - PHYSICAL DESCRIPTION
Extent xxi,346p.
Other physical details NA
Type of unit Original
500 ## - GENERAL NOTE
General note NA
600 ## - SUBJECT ADDED ENTRY--PERSONAL NAME
Personal name Social Sciences
650 ## - SUBJECT ADDED ENTRY--TOPICAL TERM
Topical term or geographic name entry element Management
942 ## - ADDED ENTRY ELEMENTS (KOHA)
Koha item type Books
Holdings
Withdrawn status Lost status Damaged status Not for loan Collection Home library Current library Date acquired Source of acquisition Cost, normal purchase price Total checkouts Full call number Barcode Date last seen Price effective from Koha item type
Write Off       Managament Sciences UITU Library UITU Library 09/22/2004 F.B.C 450.00   668.9 BIL Q5807 09/25/2024 09/25/2024 Books

Powered by Koha